00718nam a22002052a 450000100060000000300080000600500170001400800410003103500190007204000470009104100080013808200250014610000280017124500590019926000510025830000460030950400490035565000450040483000630044916320BD-RjUL20211209000008.0140213s1966 enka b 001 0 eng d a(BD-RjUL)16375 aDLCcBNGdOCLdSERdUKMdEQOdBD-RjULbeng aeng a388.310184bAST 19661 aAshton, Winifred Diana.14aThe theory of road traffic flow /c Winifred D. Ashton aLondon :bMethuen ;aNew York :bWiley,c1966. aviii, 178 p. : btables, diagrs. ;c23 cm aIncludes Bibliography: p. 169-174 and index. 0aTraffic engineeringxMathematical models 0aMethuen's monographs on applied probability and statistics